Standard methods : For the examination of water and wastewater

This text presents significant improvements of methodology and enlarged its scope to include techniques suitable for examination of many types of samples encountered in the assessment and control of water quality and water pollution.

Na minha lista:
Detalhes bibliográficos
Autor Corporativo: American Public Health Association
Formato: Livro
Idioma:Undetermined
Publicado em: Washington DC American Public Health Association 1992
Assuntos:
Tags: Adicionar Tag
Sem tags, seja o primeiro a adicionar uma tag!
Thư viện lưu trữ: Trung tâm Học liệu Trường Đại học Cần Thơ
LEADER 01060nam a2200229Ia 4500
001 CTU_149178
008 210402s9999 xx 000 0 und d
020 |c 25.95 
082 |a 543.3 
082 |b A512 
110 |a American Public Health Association 
245 0 |a Standard methods : 
245 0 |b For the examination of water and wastewater 
245 0 |c American Public Health Association 
260 |a Washington DC 
260 |b American Public Health Association 
260 |c 1992 
520 |a This text presents significant improvements of methodology and enlarged its scope to include techniques suitable for examination of many types of samples encountered in the assessment and control of water quality and water pollution. 
650 |a Sewage,Water,Nước thải,Nước 
650 |x Analysis,Analysis,Phân tích,Phân tích 
904 |i Trọng Hiếu (Nguyên sửa số phân loại thành 543.3, chưa in nhãn cho sách của khoa Thủy sản)) 
980 |a Trung tâm Học liệu Trường Đại học Cần Thơ